Teoretické základy pochodu anorganické technologie 1 Chemickoinženýrska termodynamika

Guardado en:
Detalles Bibliográficos
Autor principal: Malinovský, Milan, 1926-1984
Otros Autores: Roušar, Ivo, 1932-
Formato: Libro
Lenguaje:lengua desconocida
Publicado: Praha SNTL 1987
Acceso en línea:Ver en el OPAC
Etiquetas: Agregar Etiqueta
Sin Etiquetas, Sea el primero en etiquetar este registro!

MARC

LEADER 00000nam a2200000 a 4500
005 20260127134058.0
008 001220s1987 xx 0 und c
035 |a vtls001403280 
035 |a SNK000357830 
039 9 |a 200710110923  |b mschk02  |y 200412290444  |z VLOAD 
040 |a SNK  |b slo  |c SNK  |d STUSCHK1  |e AACR2 
100 1 |a Malinovský, Milan,  |d 1926-1984  |9 258 
245 1 |a Teoretické základy pochodu anorganické technologie 1  |b Chemickoinženýrska termodynamika 
260 |a Praha  |b SNTL  |c 1987 
300 |a 380 s. 
700 |a Roušar, Ivo,  |d 1932-  |9 980 
910 |a SCHK95 
999 |c 3561  |d 3561